Fertilizer experiments with cotton /

Bibliographic Details
Corporate Author: Texas Agricultural Experiment Station
Other Authors: Reynolds, E. B. (Elbert Brunner), 1890-
Format: Government Document Book
Language:English
Published: College Station, Tex. : Texas Agricultural Experiment Station, 1932.
Series:Bulletin (Texas Agricultural Experiment Station) ; no. 469.
Subjects:

MARC

Tag First Indicator Second Indicator Subfields
LEADER 00000cam a2200000Ia 4500
001 in00002441908
005 20151110121517.0
008 810624s1932 txu s000 0 eng d
035 |a (OCoLC)ocm07525751 
035 |a (OCoLC)7525751 
040 |a IKM  |c IKM  |d AGL  |d OCL  |d TAI  |d OCLCQ  |d TXA  |d UtOrBLW 
043 |a n-us-tx 
049 |a TXAM 
050 4 |a S117  |b .E3 no.469 
070 0 |a 100  |b T31S (1) no.469 
072 0 |a J500 
082 0 4 |a 630.7 
086 |a Z TA245.7 B873 no.469  |2 txdocs 
245 0 0 |a Fertilizer experiments with cotton /  |c E.B. Reynolds [and others]. 
264 1 |a College Station, Tex. :  |b Texas Agricultural Experiment Station,  |c 1932. 
300 |a 31 pages ;  |c 23 cm. 
336 |a text  |b txt  |2 rdacontent 
337 |a unmediated  |b n  |2 rdamedia 
338 |a volume  |b nc  |2 rdacarrier 
490 1 |a Bulletin / Texas Agricultural Experiment Station ;  |v no. 469 
500 |a Tx Doc number: Z, TA245.7, B873, nos. 451-475. 
500 |a Caption title. 
650 0 |a Fertilizers. 
650 0 |a Cotton  |x Fertilizers  |z Texas. 
700 1 |a Reynolds, E. B.  |q (Elbert Brunner),  |d 1890- 
710 2 |a Texas Agricultural Experiment Station. 
830 0 |a Bulletin (Texas Agricultural Experiment Station) ;  |v no. 469. 
994 |a C0  |b TXA 
948 |a cataloged  |b h  |c 2009/06/04  |e mansari  |f 10:18:28 am 
999 |a MARS 
999 f f |s d7ab5a9e-3bbb-32b0-a505-a456f53f22a2  |i d6a095d7-bc67-39fc-ae75-b706bb29b85f  |t 0 
952 f f |p normal  |a Texas A&M University  |b College Station  |c Sterling C. Evans Library  |d Evans: Texas Documents (Annex 5th floor)  |t 0  |e Z TA245.7 B873 no.451-475  |h Superintendent of Documents classification  |i unmediated -- volume  |k no.451-475  |l 1932:July-1933:July  |m A14819246872 
952 f f |a Texas A&M University  |b College Station  |c Sterling C. Evans Library  |d Evans: Texas Documents (Annex 5th floor)  |t 0  |e Z TA245.7 B873 no.451-475  |h Superintendent of Documents classification 
998 f f |a Z TA245.7 B873 no.451-475  |s 451-475  |t 0  |l Evans: Texas Documents (Annex 5th floor)